Loading...
Fine Arts - Other Fine Arts | 0 | 5 | 0 | 0 | 50 | 37 | 74.80 | 0 | 3 |
History - World History | 0 | 2 | 0 | 2 | 20 | 68 | 90.00 | 0 | 0 |
Geography | 0 | 2 | 0 | 2 | 20 | 79 | 92.50 | 0 | 1 |
Current Events | 0 | 1 | 0 | 0 | 10 | 97 | 97.00 | 0 | 1 |
Painting/Sculpture | 0 | 1 | 0 | 0 | 10 | 88 | 88.00 | 0 | 0 |
Science - Biology | 0 | 1 | 0 | 0 | 10 | 65 | 65.00 | 0 | 0 |
Science - Other Science | 0 | 1 | 0 | 1 | 10 | 108 | 108.00 | 0 | 1 |
Pop Culture | 0 | 1 | 1 | 0 | 5 | 98 | 98.00 | 0 | 0 |
Science - Physics | 0 | 1 | 1 | 0 | 5 | 80 | 80.00 | 0 | 0 |
Religion | 0 | 1 | 3 | 0 | -5 | 43 | 43.00 | 0 | 1 |
History - European History | 0 | 0 | 1 | 0 | -5 | 0.00 | 0 | 0 | |
Mythology | 0 | 0 | 1 | 0 | -5 | 0.00 | 0 | 0 |